00430nam a22001577a 450000500170000001000150001702000260003203500130005803700130007108200080008410000220009224500590011426000380017327000420021130000190025320140422153648.0 aENG-109326 a9789350450482c200.00 aEN-92859 bDBAD/PUB a882 aShivani Tibrewala aThe laboratory and other plays /cby Shivani Tibrewala aKolkata bWriters Workshop c2012 a162/92 Lake GardensbKolkata e700045 a96p.c22cm(Hb)